00632nam a2200229 a 4500001001300000003000900013005001700022008004100039020001000080082001400090100002200104245002300126260004800149300000800197500003500205650001600240700002200256902000800278942000700286952009400293999001500387nice12345678IN_TiNIC20260116011430.0070629s1925 laha grp 000 0 eng  ac10000a239bGOL5 aGoldsack, William aThe Bible in Islam aLahorebPunjab Religious Booksociety c1925 a95p aincludes index and biblioraphy aApologetics1 aGoldsack, William bSRS cBK 00104070aHMIbHMId2007-06-29g100.00l0o239 GOL5p2042r2007-06-29w2026-01-16yARB c1471d1471